Statistiques concernant Clubs Champions de France principaux Sports Collectifs 2021-2022

Cliquez ici pour prendre le quiz!

Statistiques générales

  • Ce quiz a été pris 267 fois
  • Le résultat moyen est 4 sur 5

Statistiques - réponses

Réponse% Correct
Paris SG
100%
ASVEL Lyon-Villeurbanne
79%
Montpellier HR
70%
Montpellier HSCVB
70%
Brûleurs de Loups de Grenoble
43%

Distribution des résultats

Percentile par nombre de réponses

% des personnes avec chaque résultat

Votre développement - résultats

Vous n’avez pas pris ce quiz